Actors who worked with John Carpenter - Statistics

General Stats
  • This quiz has been taken 14 times
  • The average score is 13 of 100
Answer Stats
Film(s) Answer % Correct
Halloween, The Fog Jamie Lee Curtis
100%
Elvis (1979), Escape from New York, The Thing, Big Trouble in Little China, Escape from L.A. Kurt Russell
90%
Memoirs of an Invisible Man Chevy Chase
60%
Halloween, Escape from New York, Prince of Darkness Donald Pleasence
60%
The Thing, They Live Keith David
50%
They Live Roddy Piper
50%
Escape from L.A. Bruce Campbell
40%
Vampires James Woods
40%
Starman Jeff Bridges
40%
The Ward Lyndsy Fonseca a
40%
Body Bags, Village of the Damned Mark Hamill
40%
Dark Star, Halloween, Escape from New York Nick Castle
40%
Memoirs of an Invisible Man, In the Mouth of Madness Sam Neill
40%
Village of the Damned Christopher Reeve
30%
Ghosts of Mars Ice Cube
30%
Big Trouble in Little China James Hong
30%
The Fog Janet Leigh
30%
Big Trouble in Little China Kim Cattrall
30%
Escape from L.A. Steve Buscemi
30%
Christine Alexandra Paul
20%
The Ward Amber Heard
20%
Assault on Precinct 13, Halloween, Someone's Watching Me!, Elvis (1979), The Fog, Escape from New York Charles Cyphers
20%
Memoirs of an Invisible Man Daryl Hannah
20%
Escape from New York, Christine Harry Dean Stanton
20%
Ghosts of Mars Jason Statham
20%
Christine Keith Gordon
20%
Christine Kelly Preston
20%
Village of the Damned Kirstie Alley
20%
Halloween Kyle Richards
20%
Halloween P. J. Soles
20%
Vampires Sheryl Lee
20%
The Thing Wilford Brimley
20%
Someone's Watching Me!, The Fog, Escape from New York Adrienne Barbeau
10%
Vampires Daniel Baldwin
10%
Body Bags Debbie Harry
10%
Escape from New York Isaac Hayes
10%
Christine John Stockwell
10%
Starman Karen Allen
10%
The Ward Laura-Leigh
10%
Escape from New York Lee Van Cleef
10%
Village of the Damned Linda Kozlowski
10%
Village of the Damned Meredith Salenger
10%
Assault on Precinct 13, Halloween, The Fog Nancy Kyes
10%
Ghosts of Mars Natasha Henstridge
10%
Escape from L.A., Ghosts of Mars Pam Grier
10%
Escape from L.A. Peter Fonda
10%
Prince of Darkness, They Live, Body Bags, In the Mouth of Madness, Village of the Damned, Escape from L.A., Ghosts of Mars Peter Jason
10%
Christine Robert Prosky
10%
The Ward Sydney Sweeney
10%
The Fog, Escape from New York Tom Atkins
10%
Assault on Precinct 13 Austin Stoker
0%
Elvis (1979) Bing Russell
0%
Starman Charles Martin Smith
0%
In the Mouth of Madness Charlton Heston
0%
Christine Christine Belford
0%
Ghosts of Mars Clea DuVall
0%
Escape from L.A. Cliff Robertson
0%
The Ward Danielle Panabaker
0%
Assault on Precinct 13 Darwin Joston
0%
In the Mouth of Madness, Body Bags David Warner
0%
Big Trouble in Little China, Prince of Darkness Dennis Dun
0%
Elvis (1979) Ed Begley Jr.
0%
Escape from New York Ernest Borgnine
0%
Escape from L.A. Georges Corraface
0%
The Fog Hal Holbrook
0%
Prince of Darkness Jameson Parker
0%
The Ward Jared Harris
0%
Big Trouble in Little China, Escape from L.A. Jeff Imada
0%
Ghosts of Mars Joanna Cassidy
0%
In the Mouth of Madness John Glover
0%
In the Mouth of Madness Julie Carmen
0%
In the Mouth of Madness Jürgen Prochnow
0%
Body Bags Kim Alexis
0%
Someone's Watching Me! Lauren Hutton
0%
Prince of Darkness Lisa Blount
0%
The Ward Mamie Gummer
0%
Vampires Mark Boone Junior
0%
Assault on Precinct 13 Martin West
0%
Vampires Maximilian Schell
0%
They Live Meg Foster
0%
Elvis (1979) Melody Anderson
0%
Memoirs of an Invisible Man Michael McKean
0%
Village of the Damned Michael Paré
0%
Escape from L.A. Michelle Forbes
0%
The Ward Mika Boorem
0%
Elvis (1979) Pat Hingle
0%
The Thing Richard Dysart
0%
Starman Richard Jaeckel
0%
Body Bags, Escape from L.A., Ghosts of Mars Robert Carradine
0%
Christine Roberts Blossom
0%
Body Bags Sheena Easton
0%
Elvis (1979) Shelley Winters
0%
Body Bags, Escape from L.A. Stacy Keach
0%
Memoirs of an Invisible Man Stephen Tobolowsky
0%
Prince of Darkness, They Live Susan Blanchard
0%
Vampires Thomas Ian Griffith
0%
Vampires Tim Guinee
0%
Body Bags Tom Arnold
0%
Body Bags Twiggy
0%
Big Trouble in Little China, Prince of Darkness Victor Wong
0%
No matching quizzes found
Score Distribution
Percent of People with Each Score
Percentile by Number Answered
Your Score History
You have not taken this quiz